Breve historia de las guerras púnicas : Roma contra Cartago /
שמור ב:
| Main Authors: | , |
|---|---|
| פורמט: | אלקטרוני ספר אלקטרוני |
| שפה: | ספרדית |
| יצא לאור: |
Madrid :
Nowtilus,
[2016]
|
| סדרה: | Breve historia (Ediciones Nowtilus S.L.)
|
| נושאים: | |
| גישה מקוונת: | Digitalia Hispánica |
| תגים: |
הוספת תג
אין תגיות, היה/י הראשונ/ה לתייג את הרשומה!
|
MARC
| LEADER | 00000nam a2200000Ii 4500 | ||
|---|---|---|---|
| 001 | DIGNOWT0289 | ||
| 003 | NyNyDIG | ||
| 006 | m o d | ||
| 007 | cr ||||||||||| | ||
| 008 | 250505s2016 sp a ob 000 0 spa d | ||
| 035 | |a (OCoLC)1520584135 | ||
| 040 | |a DGITA |b eng |e rda |e pn |c DGITA | ||
| 020 | |a 9788499678467 |q edición digital | ||
| 020 | |z 9788499678443 | ||
| 043 | |a e------ |a ff----- |a aw----- | ||
| 050 | 1 | 4 | |a DG241 ebook |
| 100 | 1 | |a Martínez-Pinna, Javier, |e author. | |
| 245 | 1 | 0 | |a Breve historia de las guerras púnicas : |b Roma contra Cartago / |c Javier Martínez-Pinna López, Diego Peña Domínguez. |
| 264 | 1 | |a Madrid : |b Nowtilus, |c [2016] | |
| 300 | |a 1 online resource : |b illustrations. | ||
| 336 | |a text |b txt |2 rdacontent | ||
| 337 | |a computer |b c |2 rdamedia | ||
| 338 | |a online resource |b cr |2 rdacarrier | ||
| 347 | |a text file |2 rdaft | ||
| 347 | |b EPUB | ||
| 490 | 1 | |a Colección: Breve Historia | |
| 500 | |a Subtitle taken from cover. | ||
| 504 | |a Includes bibliographical references. | ||
| 588 | 0 | |a Online resource; title from ePub title page (Digitalia, viewed May 5, 2025) | |
| 650 | 0 | |a Punic wars. | |
| 700 | 1 | |a Peña Domínguez, Diego, |e author. | |
| 791 | 2 | |a Digitalia (Firm), |e distributor. | |
| 793 | 0 | |g Digitalia eBook Collection: |a Ediciones Nowtilus | |
| 776 | 0 | 8 | |i Print version: |a Martínez-Pinna, Javier. |t Breve historia de las guerras púnicas. |d Madrid : Nowtilus, [2016] |z 9788499678443 |
| 830 | 0 | |a Breve historia (Ediciones Nowtilus S.L.) | |
| 856 | 4 | 0 | |3 Digitalia Hispánica |u https://digitalia.unach.elogim.com/a/171817/ |
| 910 | |a Premium collection: 2025 | ||